Les dirigeants de l'ex URSS - Statistiques

Statistiques générales
  • Ce quiz a été pris 311 fois
    300 depuis la dernière actualisation
  • Le résultat moyen est 5 sur 7
Statistiques - réponses
Dates Dirigeant % Correct
De 1922 à 1952 Joseph Vissarionovitch Djougachvili (Staline)
100%
De 1917 à 1922 Vladimir Ilitch Oulianov (Lénine)
98%
De 1985 à 1991 Mikhaïl Gorbatchev
89%
De 1964 à 1982 Léonid Brejnev
69%
De 1953 à 1964 Nikita Khrouchtchev
59%
De 1982 à 1984 Iouri Andropov
53%
De 1984 à 1985 Konstantin Tchernenko
35%
Aucun quiz correspondant
Distribution des résultats
% des personnes avec chaque résultat
Percentile par nombre de réponses
Votre historique - résultats
Vous n’avez pas pris ce quiz depuis la dernière actualisation